Dictionary of IT Terms (Record no. 268120)

000 -LEADER
fixed length control field 00220 a2200097 4500
001 - CONTROL NUMBER
control field 33047
090 ## - LOCALLY ASSIGNED LC-TYPE CALL NUMBER (OCLC); LOCAL CALL NUMBER (RLIN)
-- 22177
-- 22177
100 ## - MAIN ENTRY--PERSONAL NAME
Personal name Bansal,S.K
245 ## - TITLE STATEMENT
Title Dictionary of IT Terms
260 ## - PUBLICATION, DISTRIBUTION, ETC.
Place of publication, distribution, etc. ND
Name of publisher, distributor, etc. APH Publishing Corp
Date of publication, distribution, etc. 2002
942 ## - ADDED ENTRY ELEMENTS (KOHA)
Institution code [OBSOLETE] NUST-CAE
Koha item type
--
Holdings
Withdrawn status Lost status Damaged status Not for loan Collection code Permanent Location Current Location Date acquired Total Checkouts Barcode Date last seen Price effective from Koha item type
          College of Aeronautical Engineering (CAE) College of Aeronautical Engineering (CAE) 04/03/2017   CAEN-2222 04/05/2017 04/05/2017 Book
© 2023 Central Library, National University of Sciences and Technology. All Rights Reserved.